[Event "Villa Guardia D Oro Cup 32nd"]
[Site "Villa Guardia"]
[Date "2014.11.02"]
[Round "5"]
[White "Cairoli, Fabio"]
[Black "Romano, Ido"]
[Result "0-1"]
[WhiteElo "1398"]
[BlackElo "1497"]
[PlyCount "84"]
[EventDate "2014.10.26"]
[EventType "swiss"]
[EventRounds "6"]
[EventCountry "ITA"]
[SourceTitle "EXT 2016"]
[Source "ChessBase"]
[SourceDate "2015.10.08"]
[SourceVersion "1"]
[SourceVersionDate "2015.10.08"]
[SourceQuality "1"]

1. e4 e6 2. Nf3 c5 3. d4 cxd4 4. Nxd4 Bc5 5. Nc3 Nc6 6. Nf3 Qb6 7. Qd2 Bb4 8. a3 Bxc3 9. Qxc3 Nf6 10. Bd3 h6 11. Bf4 0-0 12. 0-0 Ne7 13. e5 Nfd5 14. Qd2 Nxf4 15. Qxf4 Qxb2 16. Qe4 Ng6 17. Rfb1 Qc3 18. Qe3 b6 19. h4 Qc7 20. h5 Bb7 21. hxg6 Bxf3 22. Qxf3 fxg6 23. Qe3 g5 24. g3 Qd8 25. Rd1 Qe7 26. Bb5 Rad8 27. Rd2 h5 28. Rad1 Rf7 29. Bc4 g4 30. Be2 Qf8 31. Rf1 Qe7 32. f3 gxf3 33. Rxf3 Rxf3 34. Bxf3 h4 35. Bg4 Rf8 36. Rh2 hxg3 37. Qxg3 Qc5+ 38. Kg2 Qxc2+ 39. Kh3 Qh7+ 40. Kg2 Qe4+ 41. Bf3 Qf5 42. Bg4 Qf1# 0-1

[Event "Villa Guardia D Oro Cup 32nd"]
[Site "Villa Guardia"]
[Date "2014.11.01"]
[Round "4"]
[White "Romano, Ido"]
[Black "Tavasci, Alfio"]
[Result "1-0"]
[WhiteElo "1497"]
[BlackElo "1619"]
[PlyCount "80"]
[EventDate "2014.10.26"]
[EventType "swiss"]
[EventRounds "6"]
[EventCountry "ITA"]
[SourceTitle "EXT 2016"]
[Source "ChessBase"]
[SourceDate "2015.10.08"]
[SourceVersion "1"]
[SourceVersionDate "2015.10.08"]
[SourceQuality "1"]

1. Nf3 Nf6 2. d4 d5 3. Bg5 Ne4 4. Bh4 g6 5. e3 Bg7 6. Bd3 Bg4 7. 0-0 c5 8. c3 Nc6 9. h3 Bxf3 10. Qxf3 Qb6 11. b3 cxd4 12. cxd4 Nxd4 13. exd4 Bxd4 14. Bxe4 dxe4 15. Qxe4 0-0-0 16. Rc1+ Kb8 17. Nc3 Rd7 18. Rab1 f6 19. Bg3+ e5 20. Ne2 Rhd8 21. Nxd4 Rxd4 22. Qe1 Rd2 23. a4 Ka8 24. Rd1 Rxd1 25. Rxd1 Rxd1 26. Qxd1 a6 27. Kf1 Qa5 28. f3 f5 29. Bf2 e4 30. Qd4 b6 31. Qxb6 Qxb6 32. Bxb6 exf3 33. gxf3 Kb7 34. a5 Kc6 35. b4 Kb5 36. Bc5 g5 37. Kf2 h5 38. Kg2 Kc4 39. h4 g4 40. fxg4 fxg4 1-0